MARC details
| 000 -CABECERA |
| campo de control de longitud fija |
01048cam a2200265 a 4500 |
| 001 - NÚMERO DE CONTROL |
| campo de control |
000011707 |
| 003 - IDENTIFICADOR DEL NÚMERO DE CONTROL |
| campo de control |
DO-SdBNP |
| 005 - FECHA Y HORA DE LA ÚLTIMA TRANSACCIÓN |
| campo de control |
20250515092446.0 |
| 008 - DATOS DE LONGITUD FIJA--INFORMACIÓN GENERAL |
| campo de control de longitud fija |
760529s1968 es a 000 0 eng |
| 040 ## - FUENTE DE LA CATALOGACIÓN |
| Centro catalogador/agencia de origen |
DO-SdBNP |
| Lengua de catalogación |
spa |
| Centro/agencia transcriptor |
BNPHU |
| 082 ## - NÚMERO DE LA CLASIFICACIÓN DECIMAL DEWEY |
| Número de clasificación |
641.9728 |
| Número de documento/Ítem |
R173a |
| 100 1# - ENTRADA PRINCIPAL--NOMBRE DE PERSONA |
| Nombre de persona |
Ramírez, Marco Antonio, |
| Fechas asociadas al nombre |
1964- |
| 9 (RLIN) |
27746 |
| 245 10 - MENCIÓN DE TÍTULO |
| Título |
Los alimentos en Centroamérica / |
| Mención de responsabilidad, etc. |
Marco Antonio Ramírez. |
| 260 ## - PUBLICACIÓN, DISTRIBUCIÓN, ETC. |
| Lugar de publicación, distribución, etc. |
San Salvador : |
| Nombre del editor, distribuidor, etc. |
Secretaría General de la Organización de Estados Centroamericanos, |
| Fecha de publicación, distribución, etc. |
1968. |
| 300 ## - DESCRIPCIÓN FÍSICA |
| Extensión |
vi, 124 p. : |
| Otras características físicas |
il. ; |
| Dimensiones |
21 cm. |
| 490 1# - MENCIÓN DE SERIE |
| Mención de serie |
Monografías técnicas |
| Designación de volumen o secuencia |
3 |
| 500 ## - NOTA GENERAL |
| Nota general |
Originalmente bajo el título Necesidades actuales prévisibles y de alimentos en Centroamérica y Panamá, 1965-1980. |
| 590 ## - NOTA LOCAL (RLIN) |
| Nota local |
Inventariado, 2020 / DG |
| 650 #4 - PUNTO DE ACCESO ADICIONAL DE MATERIA--TÉRMINO DE MATERIA |
| Término de materia o nombre geográfico como elemento de entrada |
Cocina |
| Subdivisión geográfica |
América Central |
| 9 (RLIN) |
27747 |
| 650 #0 - PUNTO DE ACCESO ADICIONAL DE MATERIA--TÉRMINO DE MATERIA |
| Término de materia o nombre geográfico como elemento de entrada |
Abastecimiento de alimentos |
| Subdivisión geográfica |
América Central |
| 9 (RLIN) |
5254 |
| 810 1# - PUNTO DE ACCESO ADICIONAL DE SERIE--NOMBRE DE ENTIDAD CORPORATIVA |
| Nombre de entidad corporativa o nombre de jurisdicción como elemento de entrada |
Organización de Estados Centroamericanos. |
| 9 (RLIN) |
27749 |
| 830 #0 - PUNTO DE ACCESO ADICIONAL DE SERIE-TÍTULO UNIFORME |
| Título uniforme |
Monografías técnicas ; |
| Designación de volumen o secuencia |
3 |
| 9 (RLIN) |
27750 |
| 910 ## - DATOS DE OPCIÓN DEL USUARIO (OCLC) |
| Datos de opción del usuario |
Inventariado, 2020 / DG |
| 942 ## - ELEMENTOS DE PUNTO DE ACCESO ADICIONAL (KOHA) |
| Fuente del sistema de clasificación o colocación |
Dewey Decimal Classification |
| Tipo de ítem Koha |
Libro |